000 00601cam a22002053a 4500
001 40736
003 PGUSA
005 20140828083917.0
008 120911s2012||||xxu|||||s|||||000 | eng d
040 _aPGUSA
_beng
042 _adc
100 1 _aPinero, Arthur Wing
_cSir
245 1 4 _aThe Second Mrs. Tanqueray :
_bA Play in Four Acts
_h[electronic resource] /
_cArthur Wing Pinero
260 _bProject Gutenberg,
_c2012
506 _aPublic domain in the USA.
516 _aElectronic text
830 0 _aProject Gutenberg
_v40736
856 4 0 _uhttp://www.gutenberg.org/ebooks/40736
942 _cEB
999 _c269988
_d269988